[Event "EU-chT Seniors 12th"]
[White "Staehle, S."]
[Black "Paulsen, Eckart"]
[Site "Dresden"]
[Round "7"]
[Result "1-0"]
[Date "2010.02.16"]
[WhiteElo "1678"]
[BlackElo "1868"]
[PlyCount "55"]
[EventDate "2010.02.10"]
[EventType "team-swiss"]
[EventRounds "9"]
[EventCountry "GER"]
[SourceTitle "CBM 134 Extra"]
[Source "ChessBase"]
[SourceDate "2010.03.03"]
[SourceVersion "1"]
[SourceVersionDate "2010.03.03"]
[SourceQuality "1"]
[WhiteTeam "Stadi (Seniors)"]
[BlackTeam "Rheinland Mattadore Seniors"]
[WhiteTeamCountry "FIN"]
[BlackTeamCountry "GER"]

1. e4 c5 2. Nf3 e6 3. d4 cxd4 4. Nxd4 a6 5. Be3 Qc7 6. Bd3 Nf6 7. f3 Be7 8. Qd2 d6 9. Nc3 Nbd7 10. 0-0-0 b5 11. Kb1 Bb7 12. g4 Ne5 13. g5 Nfd7 14. h4 Nc5 15. f4 Nc4 16. Bxc4 bxc4 17. Rhe1 Nxe4 18. Nxe4 Bxe4 19. Qc3 0-0 20. h5 Rab8 21. g6 hxg6 22. hxg6 Bxg6 23. Rg1 d5 24. Rxg6 Bh4 25. Rxg7+ Kxg7 26. Nxe6+ Kg6 27. Qg7+ Kf5 28. Nxc7 1-0

[Event "EU-chT Seniors 12th"]
[White "Staehle, S."]
[Black "Nielsen, Poul Erik1"]
[Site "Dresden"]
[Round "2"]
[Result "0-1"]
[Date "2010.02.11"]
[WhiteElo "1678"]
[BlackElo "2114"]
[PlyCount "76"]
[EventDate "2010.02.10"]
[EventType "team-swiss"]
[EventRounds "9"]
[EventCountry "GER"]
[SourceTitle "CBM 134 Extra"]
[Source "ChessBase"]
[SourceDate "2010.03.03"]
[SourceVersion "1"]
[SourceVersionDate "2010.03.03"]
[SourceQuality "1"]
[WhiteTeam "Stadi (Seniors)"]
[BlackTeam "Denmark (Seniors)"]
[WhiteTeamCountry "FIN"]
[BlackTeamCountry "DEN"]

1. e4 d6 2. d4 g6 3. Nc3 Bg7 4. Be3 Nf6 5. f3 Nbd7 6. Qd2 e5 7. Nge2 Nb6 8. Ng3 Be6 9. d5 Bd7 10. h4 h5 11. Bd3 c5 12. dxc6 bxc6 13. 0-0-0 Be6 14. b3 d5 15. exd5 cxd5 16. Bb5+ Kf8 17. Bg5 Qc7 18. Nge2 Qc5 19. Bd3 Rc8 20. Kb2 Kg8 21. Qe1 Nfd7 22. Bd2 f5 23. Nb5 Nc4+ 24. Bxc4 dxc4 25. Nec3 a6 26. Be3 Qf8 27. Nd6 Rc7 28. Na4 cxb3 29. axb3 Qb8 30. Qe2 Rc6 31. Qd2 Bf8 32. Bc5 Nxc5 33. Nxc5 Rxc5 34. Qg5 Kh7 35. Qf6 Bxb3 36. Nf7 Bxf7+ 37. Kc1 Rc7 38. Qxe5 Rxc2+ 0-1